000 00613cam a2200217 i 4500
020 _a9781138308978 (hardback)
041 _aENG
082 0 0 _a181.4
_bBAN
100 1 _aBanerjee, Rahul,
245 0 0 _aIndian philosophy and meditation : Perspectives on Consciousness
260 _aNewYork
_bRoutledge
_c2018
300 _axvi, 147 pages ;
490 0 _aRoutledge studies in Asian religion and philosophy ;
500 _aIncludes index.
650 0 _aConsciousness.
650 0 _aPhilosophy, Indic.
650 0 _aMeditation
700 1 _aBanerjee, Rahul,
700 1 _aChatterjee, Amita,
942 _cBK
999 _c22765
_d22765